Dlhové financovanie ako jedna z príčin finančno – hospodárskej krízy Grécka

Analýza dlhového financovania v podmienkach Grécka, čo predstavuje jednu z príčin súčasnej finančnej i hospodárskej, ale v konečnom dôsledku aj sociálnej krízy v tomto juhoeurópskom štáte. Rozpočtové deficity a vládny dlh nadobudli v Grécku veľké rozmery. Kríza v Grécku sa preniesla do celej oblasti...

Ausführliche Beschreibung

Gespeichert in:
Bibliographische Detailangaben
1. Verfasser: Holková, Zuzana
Weitere Verfasser: Vongrej, Marián
Format: Buchkapitel
Sprache:Slowakisch
Schlagworte:
Tags: Tag hinzufügen
Keine Tags, Fügen Sie das erste Tag hinzu!

MARC

LEADER 00000nla a2200000 4500
001 0183666
005 20240502073138.5
041 0 |a slo 
044 |a SK 
245 1 0 |a Dlhové financovanie ako jedna z príčin finančno – hospodárskej krízy Grécka  |c Zuzana Holková, Marián Vongrej 
520 |a Analýza dlhového financovania v podmienkach Grécka, čo predstavuje jednu z príčin súčasnej finančnej i hospodárskej, ale v konečnom dôsledku aj sociálnej krízy v tomto juhoeurópskom štáte. Rozpočtové deficity a vládny dlh nadobudli v Grécku veľké rozmery. Kríza v Grécku sa preniesla do celej oblasti eurozóny a vyvolala v európskom regióne nestabilitu. Súčasný stav má svoje korene v minulosti. 
610 2 0 |a Grécko 
610 2 0 |a kríza hospodárska 
610 2 0 |a vývoj hospodársky 
610 2 0 |a kríza finančná 
610 2 0 |a dlhy štátne 
610 2 0 |a dlhy verejné 
100 1 |a Holková, Zuzana 
700 1 |a Vongrej, Marián